Un cadáver en la biblioteca / (Registro nro. 3273)
[ vista simple ]
| 000 -LEADER | |
|---|---|
| fixed length control field | 00908nam a2200217Ia 4500 |
| 003 - CONTROL NUMBER IDENTIFIER | |
| control field | OSt |
| 005 - DATE AND TIME OF LATEST TRANSACTION | |
| control field | 20250411104859.0 |
| 008 - FIXED-LENGTH DATA ELEMENTS--GENERAL INFORMATION | |
| fixed length control field | 191128t1962 ck er 000 f spa d |
| 040 ## - CATALOGING SOURCE | |
| Original cataloging agency | CO-JMCR |
| Transcribing agency | CO-JMCR |
| 041 ## - LANGUAGE CODE | |
| Language code of text/sound track or separate title | spa |
| 082 04 - DEWEY DECIMAL CLASSIFICATION NUMBER | |
| Classification number | A-N |
| Item number | CHRu |
| 100 1# - MAIN ENTRY--PERSONAL NAME | |
| Personal name | Christie, Agatha, |
| Dates associated with a name | 1891-1976 |
| Relator term | autor |
| 9 (RLIN) | 6583 |
| 245 10 - TITLE STATEMENT | |
| Title | Un cadáver en la biblioteca / |
| Statement of responsibility, etc. | Agatha Christie; traducción Guillermo López Hipkiss |
| 260 ## - PUBLICATION, DISTRIBUTION, ETC. | |
| Place of publication, distribution, etc. | Barcelona : |
| Name of publisher, distributor, etc. | Editorial Molino, |
| Date of publication, distribution, etc. | ©1962 |
| 300 ## - PHYSICAL DESCRIPTION | |
| Extent | 253 páginas ; |
| Dimensions | 17 cm. |
| 490 0# - SERIES STATEMENT | |
| Series statement | Selección de Biblioteca de Oro |
| 520 ## - SUMMARY, ETC. | |
| Summary, etc. | Son las siete de la mañana. Los Bantry se despiertan con una desagradable sorpresa: el cuerpo inerte de una joven mujer desconocida en su biblioteca. Lleva un vestido de noche y bastante maquillaje, que ahora embadurna sus mejillas. |
| 650 14 - SUBJECT ADDED ENTRY--TOPICAL TERM | |
| Topical term or geographic name entry element | Novela inglesa |
| 9 (RLIN) | 193 |
| 700 ## - ADDED ENTRY--PERSONAL NAME | |
| Personal name | López Hipkiss, Guillermo, |
| Relator term | traductor |
| 9 (RLIN) | 6584 |
| 942 ## - ADDED ENTRY ELEMENTS (KOHA) | |
| Source of classification or shelving scheme | Dewey Decimal Classification |
| Koha item type | Books |
| Withdrawn status | Lost status | Source of classification or shelving scheme | Damaged status | Not for loan | Collection code | Home library | Current library | Date acquired | Source of acquisition | Cost, normal purchase price | Total Checkouts | Total Renewals | Full call number | Barcode | Date last seen | Date last checked out | Copy number | Koha item type |
|---|---|---|---|---|---|---|---|---|---|---|---|---|---|---|---|---|---|---|
| Dewey Decimal Classification | Fiction | Biblioteca Pública José María del Castillo y Rada | Biblioteca Pública José María del Castillo y Rada | 11/28/2019 | Donación | 0.00 | 8 | 6 | A-N CHRu | 201507011 | 03/26/2026 | 03/26/2026 | Ej.1 | Books |